书目信息 |
| 题名: |
2018护士执业资格考试指南
|
|
| 作者: | 李文慧 , 朴红梅 主编 | |
| 分册: | ||
| 出版信息: | 昆明 云南科技出版社 2017 |
|
| 页数: | 10, 679页 | |
| 开本: | 26cm | |
| 丛书名: | ||
| 单 册: | ||
| 中图分类: | R47-42 , R192.6 | |
| 科图分类: | ||
| 主题词: | 护士--hu shi--资格考试--自学参考资料 | |
| 电子资源: | ||
| ISBN: | 978-7-5416-6407-6 | |
| 000 | 01046nam0 2200277 450 | |
| 001 | 012001002869 | |
| 005 | 20131031130759.0 | |
| 010 | @a978-7-5416-6407-6@dCNY128.00 | |
| 099 | @aCAL 012018080764 | |
| 100 | @a20180628d2017 em y0chiy50 ea | |
| 101 | 0 | @achi |
| 102 | @aCN@b530000 | |
| 105 | @aak z 000yy | |
| 106 | @ar | |
| 200 | 1 | @a2018护士执业资格考试指南@A2018 hu shi zhi ye zi ge kao shi zhi nan@f主编李文慧, 朴红梅 |
| 210 | @a昆明@c云南科技出版社@d2017 | |
| 215 | @a10, 679页@c图@d26cm | |
| 330 | @a本书内容包括: 基础护理知识和技能 ; 循环系统疾病病人的护理 ; 消化系统疾病病人的护理 ; 呼吸系统疾病病人的护理 ; 传染病病人的护理 ; 皮肤及皮下组织疾病病人的护理 ; 妊娠、分娩和产褥期疾病病人的护理等。 | |
| 517 | 1 | @a护士执业资格考试指南@Ahu shi zhi ye zi ge kao shi zhi nan |
| 606 | 0 | @a护士@Ahu shi@x资格考试@j自学参考资料 |
| 690 | @aR47-42@v5 | |
| 690 | @aR192.6@v5 | |
| 701 | 0 | @a李文慧@Ali wen hui@4主编 |
| 701 | 0 | @a朴红梅@Apiao hong mei@4主编 |
| 801 | 2 | @aCN@b江苏凤凰@c20191020 |
| 905 | @b1230995-7@dR47-42@e130@f3 | |
| 2018护士执业资格考试指南/主编李文慧, 朴红梅.-昆明:云南科技出版社,2017 |
| 10, 679页:图;26cm |
| ISBN 978-7-5416-6407-6:CNY128.00 |
| 本书内容包括: 基础护理知识和技能 ; 循环系统疾病病人的护理 ; 消化系统疾病病人的护理 ; 呼吸系统疾病病人的护理 ; 传染病病人的护理 ; 皮肤及皮下组织疾病病人的护理 ; 妊娠、分娩和产褥期疾病病人的护理等。 |
| ● |
| 相关链接 |
|
|
|
|
正题名:2018护士执业资格考试指南
索取号:R47-42/130
 
预约/预借
| 序号 | 登录号 | 条形码 | 馆藏地/架位号 | 状态 | 备注 |
| 1 | 1230995 | 212309955 | 第二样本阅览室/ [索取号:R47-42/130] | 在馆 | |
| 2 | 1230996 | 212309964 | 教育系资料室/ [索取号:R47-42/130] | 在馆 | |
| 3 | 1230997 | 212309973 | 第三借阅区/ [索取号:R47-42/130] | 在馆 |